All 50k+ cities in Arizona on a map - Statistics

General Stats
  • This quiz has been taken 493 times
    474 since last reset
  • The average score is 16 of 23
Answers on the Map
Answers color-coded by a green-red scale on the quiz's map according to % correct below.
 
Answer Stats
Hint Answer % Correct
1,624,569 Phoenix
100%
543,242 Tucson
98%
509,475 Mesa
95%
76,989 flagstaff
92%
249,630 Glendale
90%
242,753 Scottsdale
90%
279,458 Chandler
87%
97,093 Yuma
86%
184,118 Tempe
81%
273,136 Gilbert
79%
58,284 Lake Havasu City
79%
149,191 Surprise
75%
194,917 Peoria
73%
101,733 Goodyear
72%
101,315 Buckeye
67%
62,720 Maricopa
54%
90,564 Avondale
53%
57,699 Casa Grande
45%
66,346 Queen Creek
43%
54,895 Marana
36%
102,000 San Tan Valley
29%
71,500 Casas Adobes
18%
52,600 Catalina Foothills
15%
No matching quizzes found
Score Distribution
Percent of People with Each Score
Percentile by Number Answered
Your Score History
You have not taken this quiz since the last reset